Leonardo DiCaprio Movies - Sudden Death - Statistics

General Stats
  • This quiz has been taken 44,082 times
  • The average score is 13 of 20
Answers on the Grid
Answers color-coded by a green-red scale on the quiz's grid according to % correct below.
12 Years a Slave
Blackhawk Down
Blood Diamond
Bring It On
Catch Me If You Can
Django Unchained
Dogtown
Don't Look Up
Gangs of New York
Heat
Inception
J. Edgar
Killers of the Flower Moon
Kiss of the Vampire
Lincoln
Moneyball
Oldboy
Once Upon a Time in Hollywood
Ordinary People
Puss in Boots
Romeo + Juliet
Shutter Island
The Aviator
The Basketball Diaries
The Departed
The Great Gatsby
The Lives of Others
The Man in the Iron Mask
The Pelican Brief
The Revenant
The Thomas Crown Affair
The Wolf of Wall Street
Time to Kill
Titanic
Up in the Air
What's Eating Gilbert Grape
 
Answer Stats
Answer % Correct
Titanic
88%
The Wolf of Wall Street
85%
Catch Me If You Can
82%
The Great Gatsby
80%
Django Unchained
79%
Inception
78%
Romeo + Juliet
75%
Shutter Island
74%
Once Upon a Time in Hollywood
71%
The Revenant
71%
Don't Look Up
61%
The Departed
59%
Blood Diamond
57%
Killers of the Flower Moon
56%
The Aviator
56%
Gangs of New York
55%
What's Eating Gilbert Grape
50%
The Man in the Iron Mask
39%
J. Edgar
32%
The Basketball Diaries
29%
No matching quizzes found
Score Distribution
Percent of People with Each Score
Percentile by Number Answered
Your Score History
You have not taken this quiz